000 00663nam a2200229Ia 4500
003 OSt
005 20220918200826.0
006 a|||||r|||| 00| 0
007 ta
008 220917b |||||||| |||| 00| 0 eng d
024 _a90,464
037 _cTextual
040 _aARTS
_cARTS
_beng
041 _2eng
_aeng
082 _aU8:6xL88, A (906)
100 _aclipperton Commander
_995716
245 0 _aJournal of a second expedition in to the interior of Africa, from the Bight of Benin to Soccatoo, etc
260 _c1800
650 _aGEOGRAPHY
942 _hU8:6xL88, A (906)
_cTEXL
_2CC
999 _c214127
_d214127